| 000 | 00524nam a22001817a 4500 | ||
|---|---|---|---|
| 003 | JO-AjAnu | ||
| 005 | 20260415074324.0 | ||
| 008 | 260415b jo ||||| |||| 00| 0 ara d | ||
| 020 | _a978-0-19-457492-1 | ||
| 040 |
_aanu _beng _cJO-AjAnu |
||
| 100 |
_aEric H. Glendinning, John McEwan _eAuthor _966932 |
||
| 245 | _aOxford English for Information Technology | ||
| 250 | _aSecond Edition | ||
| 260 |
_aOxford: _bUniversity Press, _c 2016 |
||
| 300 | _a222 pages | ||
| 650 | _vInformation Technology | ||
| 942 |
_2lcc _cBK _n0 |
||
| 999 |
_c34162 _d34162 |
||